| 000 | 00586nam a2200169 4500 | ||
|---|---|---|---|
| 999 |
_c4399 _d4399 |
||
| 008 | 160907b xxu||||| |||| 00| 0 eng d | ||
| 022 | _a2094-8042 | ||
| 082 | _aDPer 370.105 M72 Jan-Dec 2012 v. 60-61 | ||
| 100 |
_914223 _aCaspe, Helena C. |
||
| 243 | _aThe modern teacher | ||
| 245 |
_aGraft and corruption prevention education teaching exemplars/ _cHelena C. Caspe. |
||
| 260 |
_aPhilippines: _bIn the Grade School, Inc., _c©2012. |
||
| 300 |
_av61 n3, pages 112-114; _c28 cm. |
||
| 500 | _aThe Modern Teacher. | ||
| 650 | 0 |
_914224 _aPrevention _xCorruption |
|
| 942 |
_2ddc _cPER |
||